Statistiques concernant Biopics français par images #1

Cliquez ici pour prendre le quiz!

Statistiques générales

  • Ce quiz a été pris 6 829 fois
  • Le résultat moyen est 12 sur 20

Statistiques - réponses

Réponse% Correct
Cloclo
Claude François
92%
La Môme
Edith Piaf
92%
De Gaulle
Charles de Gaulle
89%
Coluche : L'Histoire d'un mec
Michel Colucci
84%
Simone, le voyage du siècle
Simone Veil
82%
Aline
Céline Dion
80%
Jeanne d'Arc
Jeanne d'Arc
76%
L'Abbé Pierre : Une vie de combats
Henri Grouès
69%
Eiffel
Gustave Eiffel
68%
Yves Saint Laurent
Yves Saint Laurent
64%
Gainsbourg (vie héroïque)
Serge Gainsbourg
59%
Sœur Sourire
Jeanine Deckers
59%
Le Promeneur du Champ-de-Mars
François Mitterrand
57%
Coco avant Chanel
Coco Chanel
50%
1492 : Christophe Colomb
Christophe Colomb
43%
Chocolat
Rafaël Padilla
40%
L'Instinct de mort
Jacques Mesrine
30%
Camille Claudel
Camille Claudel
18%
Jeanne du Barry
Jeanne Bécu
18%
Stavisky
Alexandre Stavisky
4%

Distribution des résultats

Percentile par nombre de réponses

% des personnes avec chaque résultat

Votre développement - résultats

Vous n’avez pas pris ce quiz